Disney de A à Z - Statistiques

Statistiques générales
  • Ce quiz a été pris 147 055 fois
  • Le résultat moyen est 17 sur 25
Statistiques - réponses
Indices Réponses % Correct
A Elle a visité le pays des merveilles Alice
99%
D Cet éléphant peut voler Dumbo
95%
O Petit bonhomme de neige très drôle Olaf
89%
R Princesse aux très longs cheveux Raiponce
89%
L Meilleure amie de Stitch Lilo
88%
M Fille ayant sauvé la Chine Mulan
87%
W Ourson jaune et amateur de miel Winnie
86%
H Mot précédant Matata Hakuna
82%
S Plat partagé par Lady et Clochard Spaghetti
81%
P C'est le chien de Mickey Pluto
80%
B Bibbidi, Bobbidi, ___ Boo
77%
J Style de musique mit en valeur dans Soul Jazz
76%
U Sorcière à l'apparence de pieuvre Ursula
75%
Z Papa de Hercule Zeus
70%
T Princesse transformée en grenouille Tiana
68%
N Ce que sont Riri, Fifi et Loulou pour Donald Neveux
66%
E Film présentant la famille Madrigal Encanto
65%
G Il a fabriqué Pinocchio Gepetto
63%
Q Nom du bossu Quasimodo
59%
C Objet en lequel Lumière fut transformé Chandelier
56%
F Film dans lequel Mickey joue les apprenti sorcier Fantasia
55%
K Empereur mégalo Kuzco
46%
V Animal que sont Buzzie, Flaps, Ziggy et Dizzy dans Le Livre de la Jungle Vautour
33%
Y Le gérant d'un club naturiste dans Zootopie est cet animal Yack
31%
I Vilain perroquet à qui Éric Métayer a donné sa voix Iago
25%
Aucun quiz correspondant
Distribution des résultats
% des personnes avec chaque résultat
Percentile par nombre de réponses
Votre historique - résultats
Vous n’avez pas pris ce quiz